000 00822nam a2200205 a 4500
001 000023977
005 20250924073802.0
008 110118s1999 dr a 000 0 spa d
040 _aDO-SdBNP
_bspa
_cBNPHU
082 _axxx
_bU58r
111 1 _aRelme
_n(13 :
_d12-16 julio :
_cSanto Domingo)
_949317
245 1 0 _aResúmenes de la decimotercera reunión latinoamericana de matemática educativa.
260 _aSanto Domingo :
_bComité Latinoamericano de Matemática Educativa ;
_bUniversidad Autónoma de Santo Domingo,
_c1999.
300 _a269 p. ;
_c29 cm.
490 1 _aPublicaciones de la Universidad Autónoma de Santo Domingo
_vv. 441
490 1 _aConferecias
_vno. 37
830 _aPublicaciones de la Universidad Autónoma de Santo Domingo
_vv. 441
_952
830 0 _aConferecias
_nno. 37
_949318
049 _aBNPD
999 _c23472
_d23472